[Event "Campos Migjorn op"]
[Site "Campos"]
[Date "2019.09.14"]
[Round "4"]
[White "Pomar Mir, Francisco"]
[Black "Pico Taberner, Gustavo"]
[Result "1-0"]
[WhiteElo "1739"]
[BlackElo "1229"]
[PlyCount "69"]
[EventDate "2019.09.06"]
[EventType "swiss"]
[EventRounds "8"]
[EventCountry "ESP"]
[SourceTitle "EXT 2020"]
[Source "ChessBase"]
[SourceDate "2019.10.17"]
[SourceVersion "1"]
[SourceVersionDate "2019.10.17"]
[SourceQuality "1"]

1. d4 d5 2. Nf3 f5 3. c4 e6 4. Bg5 Nf6 5. Nc3 a6 6. e3 c5 7. cxd5 Be7 8. dxc5 Ne4 9. Bxe7 Qxe7 10. d6 Qf6 11. Qd4 Nc6 12. Qxf6 Nxf6 13. Nd4 Nxd4 14. exd4 Nd5 15. Bc4 Nxc3 16. bxc3 Bd7 17. 0-0 0-0 18. Rfe1 Rfe8 19. f4 Rac8 20. Re5 b5 21. Bb3 g6 22. Rae1 Kf7 23. d5 exd5 24. Rxe8 Bxe8 25. Bxd5+ Kf8 26. Be6 Rxc5 27. d7 Bxd7 28. Bxd7 Rxc3 29. Be6 b4 30. Bb3 Rc7 31. Re5 Ra7 32. Ba4 Kg7 33. h4 Kf6 34. Kf2 h6 35. Rc5 1-0